English Puns Quiz Stats

 Plays Quiz Updated Jul 2, 2014

Support Sporcle.
Go Orange.
Score 0/22 Timer 06:00
1 Play Today
% Correct
It does not have any contractions.
94.9%
A cat has claws at the end of paws; a comma gives pause at the end of a clause.
93.7%
Pencils confused him. 2B or not 2B?
91.1%
Because Homer is where the heart is.
90.4%
The thesaurus.
90.4%
They're surrounded by drafts.
90.3%
Candied.
90.2%
They're too possessive.
90%
It made her [sic].
89.7%
She created Eyre.
89.7%
Whenever he's around, there's a pair of dice lost.
88.5%
% Correct
It was tense.
88%
Play dough.
86.5%
To be sentenced.
86.4%
The noun declined.
86.1%
Joyce Carol Oatmeal.
85.6%
Metaphorplay.
82.9%
P. G. Wodehouse.
82.8%
George or well?
76.9%
Thoreau editing.
76.5%
Oh Captain! My Cap'n Crunch!
72.9%
The best of thymes, the worst of thymes.
72.6%

You're not logged in!

Compare scores with friends on all Sporcle quizzes.
OR
Log In

From the Vault

Hollywood's 100 Favorite Quotes

by rockgolf

And probably a few of your favorite movies.
Remove Ads.
Support Sporcle.
Get the best of Sporcle when you Go Orange. This ad-free experience offers more features, more stats, and more fun while also helping to support Sporcle. Thank you for becoming a member.

Show Comments

Extras

Top Quizzes Today


Score Distribution

Your Account Isn't Verified!

In order to create a playlist on Sporcle, you need to verify the email address you used during registration. Go to your Sporcle Settings to finish the process.

Report this User

Report this user for behavior that violates our Community Guidelines.

Details: